Eschweiler Karnevalsgesellschaften - Statistiken

Allgemein
  • Dieses Quiz wurde 8 mal gespielt
  • Das Durchschnittsergebnis liegt bei 8 aus 22
Antwortstatistiken
Hint Antwort % Korrekt
16 Blaue Funken
100%
1 Rote Funken
100%
4 Grüne Funken
83%
17 Narrengarde Dürwiß
67%
10 Eefelkank
50%
11 Prinzengilde
50%
7 Scharwache
50%
19 Böse Buben
33%
12 Burgwache
33%
14 Fidele Trammebülle
33%
20 Garderegiment
33%
5 Kirchspiel Lohn
33%
13 Narrenzunft
33%
2 Ulk Hehlrath
33%
8 Ulk Oberröthgen
33%
3 Blaue Funken Lätitia
17%
18 Klee Oepe Jonge
17%
22 Löwengarde
17%
21 Röthgener Garde
17%
6 Löstige Eschweiler Afrikaner
0%
9 Lusitige Reserve
0%
15 Onjekauchde Röhe
0%
Keine übereinstimmenden Quizze gefunden
Verteilung der Resultate
Anzahl Personen mit jedem Resultat
Perzentil nach korrekt beantworteten Fragen
Ihre Resultats-Entwicklung
Sie haben dieses Quiz noch nicht gespielt